|
|
|
|
| LEADER |
02227nam a2200649 i 4500 |
| 001 |
nkc20152699798 |
| 003 |
CZ PrNK |
| 005 |
20240422102048.0 |
| 007 |
ta |
| 008 |
150513s2015 xr a e f 001 0 cze |
| 015 |
|
|
|a cnb002699798
|
| 020 |
|
|
|a 978-80-7236-970-6
|q (brožováno)
|
| 035 |
|
|
|a (OCoLC)913564757
|
| 040 |
|
|
|a OLA001
|b cze
|e rda
|
| 041 |
1 |
|
|a cze
|h ger
|
| 072 |
|
7 |
|a 635
|x Zahrádkářství
|2 Konspekt
|9 24
|
| 080 |
|
|
|a 582.688.32
|2 MRF
|
| 080 |
|
|
|a 635.9.054
|2 MRF
|
| 080 |
|
|
|a 635.9.01/.04
|2 MRF
|
| 080 |
|
|
|a 633/635.01/.04
|2 MRF
|
| 080 |
|
|
|a (035)
|2 MRF
|
| 080 |
|
|
|a (084.42)
|2 MRF
|
| 100 |
1 |
|
|a Kögel, Andrea
|7 xx0000835
|4 aut
|
| 240 |
1 |
0 |
|a Rhododendren und Azaleen.
|l Česky
|
| 245 |
1 |
0 |
|a Rododendrony a azalky /
|c Andrea Kögelová ; kresby: Ushie Dornerová
|
| 246 |
1 |
4 |
|a Rododendrony a azalky pro zahrady, balkony a terasy
|
| 250 |
|
|
|a České vydání druhé
|
| 264 |
|
1 |
|a Praha :
|b Vašut,
|c 2015
|
| 300 |
|
|
|a 63 stran :
|b barevné ilustrace ;
|c 20 cm
|
| 336 |
|
|
|a text
|b txt
|2 rdacontent
|
| 337 |
|
|
|a bez média
|b n
|2 rdamedia
|
| 338 |
|
|
|a svazek
|b nc
|2 rdacarrier
|
| 490 |
1 |
|
|a Jak na to
|
| 500 |
|
|
|a Z němčiny přeložil Václav Větvička
|
| 500 |
|
|
|a Terminologický slovník
|
| 504 |
|
|
|a Obsahuje bibliografii a rejstřík
|
| 650 |
0 |
7 |
|a rododendron
|7 ph269137
|2 czenas
|
| 650 |
0 |
7 |
|a azalka
|7 ph269138
|2 czenas
|
| 650 |
0 |
7 |
|a pěstování okrasných rostlin
|7 ph134962
|2 czenas
|
| 650 |
0 |
7 |
|a pěstování zahradních rostlin
|7 ph124860
|2 czenas
|
| 650 |
0 |
9 |
|a rhododendrons
|2 eczenas
|
| 650 |
0 |
9 |
|a azaleas
|2 eczenas
|
| 650 |
0 |
9 |
|a ornamental plants cultivation
|2 eczenas
|
| 650 |
0 |
9 |
|a garden plants cultivation
|2 eczenas
|
| 655 |
|
7 |
|a příručky
|7 fd133209
|2 czenas
|
| 655 |
|
7 |
|a atlasy
|7 fd131835
|2 czenas
|
| 655 |
|
9 |
|a handbooks and manuals
|2 eczenas
|
| 655 |
|
9 |
|a atlases
|2 eczenas
|
| 700 |
1 |
|
|a Dorner, Ushie
|7 jn20001103171
|4 ill
|
| 700 |
1 |
|
|a Větvička, Václav,
|d 1938-
|7 jn99240001407
|4 trl
|
| 830 |
|
0 |
|a Jak na to (Jan Vašut)
|0 s
|
| 910 |
2 |
|
|a BOA001
|b 1-1346.649
|
| 928 |
9 |
|
|a Jan Vašut
|
| 990 |
|
|
|a BK
|
| 995 |
|
|
|a 01
|
| 991 |
|
|
|b 201505
|c NOV
|e n
|
| 996 |
6 |
|
|b 2610633323
|c 1-1346.649
|l MZK
|r Sklad / do 1 hodiny
|n 0
|p p.v.
|w 001506135
|u 000010
|a 1
|e BOA001
|j MZK50
|s P
|